000
00312nam a2200133Ia 4500
100
_a
Brenner/Robert C
942
_c
BK
654
_a
IBM PC
245
_a
IBM PC troubleshooting and repair guide
260
_b
Howard D and sons
_a
Indiana
_c
1985
082
_a
621.381954
_b
BRE
300
_a
204
546
_a
ENGLISH
999
_c
20854
_d
20854